Pays ayant 12 lettres minimum - Statistiques

Statistiques générales
  • Ce quiz a été pris 244 fois
    64 depuis la dernière actualisation
  • Le résultat moyen est 19 sur 24
Statistiques - réponses
Continent Pays % Correct
Afrique République Démocratique du Congo
98%
Afrique République du Congo
95%
Afrique Afrique du Sud
93%
Océanie Papouasie-Nouvelle-Guinée
92%
Océanie Nouvelle-Zélande
87%
Afrique République Centrafricaine
87%
Amérique Trinité-et-Tobago
87%
Europe Liechtenstein
83%
Amérique République Dominicaine
83%
Amérique Saint-Christophe-et-Niévès
83%
Asie Arabie Saoudite
82%
Amérique Saint-Vincent-et-les-Grenadines
82%
Amérique Antigua-et-Barbuda
80%
Europe Bosnie-Herzégovine
80%
Océanie Etats Fédérés de Micronésie
80%
Afrique Guinée Equatoriale
78%
Afrique Sao-Tome-et-Principe
78%
Asie Emirats Arabes Unis
77%
Europe République Tchéque
77%
Europe Macédoine du Nord
75%
Asie Turkmenistan
73%
Asie Kirghizistan
70%
Afrique Guinée-Bissau
65%
Asie Timor Oriental
63%
Aucun quiz correspondant
Distribution des résultats
% des personnes avec chaque résultat
Percentile par nombre de réponses
Votre historique - résultats
Vous n’avez pas pris ce quiz depuis la dernière actualisation